MARC

LEADER 00000nam0a2200000 4500
001 41053
005 20231031013702.0
010 |a 5854380064 
035 |a (RuTPU)RU\TPU\book\42121 
090 |a 41053 
100 |a 20020604d2002 m y0rusy50 ca 
101 0 |a rus 
102 |a RU 
105 |a a j 001zy 
200 1 |a Концепции современного естествознания  |e Учебно-методическое пособие  |f Ю. И. Жигалов 
205 |a 2-е изд., перераб. и доп. 
210 |a Москва  |c Гелиос АРВ  |d 2002 
215 |a 75 с.  |c ил. 
320 |a Библиогр.: с. 265-270 
610 1 |a естествознание 
610 1 |a философия 
610 1 |a история 
610 1 |a природа 
610 1 |a хаос 
610 1 |a порядок 
610 1 |a пространство 
610 1 |a время 
610 1 |a симметрия 
610 1 |a относительность 
610 1 |a микромир 
610 1 |a энтропия 
610 1 |a звезды 
610 1 |a эволюция 
610 1 |a ядерная физика 
610 1 |a химические процессы 
610 1 |a биология 
610 1 |a генетика 
610 1 |a генная инженерия 
610 1 |a психология 
610 1 |a душа 
610 1 |a психика 
610 1 |a солнечная активность 
610 1 |a экология 
610 1 |a биосфера 
610 1 |a биоэтика 
610 1 |a искусственный интеллект 
610 1 |a кибернетика 
610 1 |a синергетика 
610 1 |a учебные пособия 
675 |a 5:1(075.8)  |v 3 
700 1 |a Жигалов  |b Ю. И.  |g Юрий Иванович 
801 1 |a RU  |b 63413507  |c 20020604  |g PSBO 
801 2 |a RU  |b 63413507  |c 20120117  |g PSBO 
942 |c BK